000 00495nam a2200193Ia 4500
005 20240823021152.0
008 240823s9999||||xx |||||||||||||| ||und||
020 _a81-7629-661-9
041 _aENGLISH
082 _A658.314 P5
100 _aNirmal Singh
245 0 _aMotivation : Theories and Practical Applications
250 _a1st
260 _c2005
_b"Deep and Deep, New "
_aNew Delhi
500 _aYES
650 _aMotivation
_bManagement Studies
942 _cBK
999 _c176444
_d176444